00385nam a2200157Ia 45000010006000000050017000060080041000230410008000640820020000721000036000922450046001282600009001743000028001836500008002116540008002191449620260306164918.0260306t2006||||xx |||||||||||||| ||spa|| aESP a515.1bV45 2006 aVenero Baldeon, J. ArmandoeAUT 0aIntroducción al análisis matemático c2006 a589 páginas :c21 cm. aGEN aCMA